| 000 | 00518pab a2200181 454500 | ||
|---|---|---|---|
| 008 | 180718b2006 xxu||||| |||| 00| 0 eng d | ||
| 100 | _aMorcol, Goktug | ||
| 245 | _aCommunity improvement districts in metropolitan Atlanta | ||
| 260 | _c2006 | ||
| 300 | _ap.77-105. | ||
| 650 | _aPublic private partnership | ||
| 650 | _aPrivatization | ||
| 650 | _aLocal government | ||
| 650 | _aCommunity development | ||
| 700 | _aZimmermann, Ulf | ||
| 773 | _aInternational Journal of Public Administration | ||
| 909 | _a70811 | ||
| 999 |
_c70811 _d70811 |
||